000 00335nam a22001457a 4500
008 250423b ||||| |||| 00| 0 eng d
020 _a9781610399609
041 _aeng
080 _22018
_a33BUN
082 _233BUN
_a33BUN
100 _a41
101 _aMATEMATIK
245 _aTHE SNOWBALL SYSTEM
_cMO BUNNELL
942 _2udc
_cBK
999 _c60698
_d60698